A handbook for doctoral supervisors (Record no. 7351)

000 -LEADER
fixed length control field 01546 a2200241 4500
020 ## - INTERNATIONAL STANDARD BOOK NUMBER
International Standard Book Number 0415335450
035 ## - SYSTEM CONTROL NUMBER
System control number (OCoLC)ocm56085928
040 ## - CATALOGING SOURCE
Original cataloging agency DLC
Language of cataloging DLC
082 00 - DEWEY DECIMAL CLASSIFICATION NUMBER
Classification number 378.194046
100 1# - MAIN ENTRY--PERSONAL NAME
Personal name Taylor, Stan,
245 12 - TITLE STATEMENT
Title A handbook for doctoral supervisors
Statement of responsibility, etc. Stan Taylor and Nigel Beasley.
260 ## - PUBLICATION, DISTRIBUTION, ETC.
Place of publication, distribution, etc. London ;
-- New York :
Name of publisher, distributor, etc. Routledge,
Date of publication, distribution, etc. 2005.
300 ## - PHYSICAL DESCRIPTION
Extent xi, 237 p. ;
Dimensions 24 cm.
505 0# - FORMATTED CONTENTS NOTE
Formatted contents note The Context -- The Overall Context -- The Institutional Context -- The Disciplinary Context -- Preparing the Ground -- Recruitment and Selection -- Working Relationships Candidates -- Working Relationships Co-supervisors -- Supporting the Research Project -- Academic Guidance and Support -- Encouraging Early Writing and Giving Feedback -- Keeping the Project on Track and Monitoring Progression -- Supporting the Candidate -- Personal, Professional, Academic and Career Support -- Responding to Diversity Domestic Candidates -- Responding to Diversity nternational Candidates -- Supporting Completion and Examination -- Completion and Submission -- Preparation for Examination -- Examination -- Evaluation and Dissemination.
650 #0 - SUBJECT ADDED ENTRY--TOPICAL TERM
Topical term or geographic name entry element Faculty advisors.
650 #0 - SUBJECT ADDED ENTRY--TOPICAL TERM
Topical term or geographic name entry element Graduate students.
650 #0 - SUBJECT ADDED ENTRY--TOPICAL TERM
Topical term or geographic name entry element Doctor of philosophy degree.
650 #0 - SUBJECT ADDED ENTRY--TOPICAL TERM
Topical term or geographic name entry element Mentoring in education.
700 1# - ADDED ENTRY--PERSONAL NAME
Personal name Beasley, Nigel.
856 41 - ELECTRONIC LOCATION AND ACCESS
Materials specified Table of contents
Uniform Resource Identifier <a href="http://www.loc.gov/catdir/toc/ecip0420/2004017567.html">http://www.loc.gov/catdir/toc/ecip0420/2004017567.html</a>
856 41 - ELECTRONIC LOCATION AND ACCESS
Materials specified Publisher description
Uniform Resource Identifier <a href="http://www.loc.gov/catdir/enhancements/fy0704/2004017567-d.html">http://www.loc.gov/catdir/enhancements/fy0704/2004017567-d.html</a>
942 ## - ADDED ENTRY ELEMENTS (KOHA)
Koha item type Book
Call number prefix 378.194046 TAY
Source of classification or shelving scheme
Holdings
Withdrawn status Lost status Damaged status Not for loan Collection code Permanent Location Current Location Shelving location Date acquired Source of acquisition Cost, normal purchase price Total Checkouts Full call number Barcode Date last seen Price effective from Koha item type
          Central Library (CL) Central Library (CL) General Stacks 05/17/2006 Allied Book Company 2809.35   378.194046 TAY SEECS007284 11/14/2012 01/05/2017 Book
          Central Library (CL) Central Library (CL) General Stacks 05/17/2006 Allied Book Company 2809.35   378.194046 TAY SEECS007283 11/14/2012 01/05/2017 Book
© 2023 Central Library, National University of Sciences and Technology. All Rights Reserved.